| 000 | 00533nam a22001817a 4500 | ||
|---|---|---|---|
| 005 | 20250625153806.0 | ||
| 010 | _aENG-145557 | ||
| 020 |
_a9788197734496 _c950.00 |
||
| 035 | _aEN-129089 | ||
| 037 | _bDBAD | ||
| 082 | _a921 | ||
| 100 |
_aSaboo, Rajendra K. _982352 |
||
| 245 |
_aMy Life's Journey: _bA Personnal Memoir/ _cRajendra K. Saboo |
||
| 260 |
_aKolkata _bAlpha Beta Gamma _c2024 |
||
| 270 |
_a150 Bacharpara Road (2) _bKolkata _e700063 |
||
| 300 |
_axv, 470p. _c24cm(hb) |
||
| 942 |
_2ddc _cEN _mSAB _h921 |
||
| 999 |
_c211953 _d211953 |
||